000 00431nam a22001577a 4500
005 20250904132548.0
008 250904b |||||||| |||| 00| 0 eng d
020 _a978-81-985523-0-3
041 _aeng
100 _aKUMAR, N
_95159
245 _aPRACTICAL BOOK OF PHARMACOGNOSY FOR D PHARMA [1ST YEAR DIPLOMA IN PHARMACY]
260 _aDELHI
_bAITBS PUBLISHERS INDIA
_c2026
300 _a113;P
650 _aPHARMACY
942 _cBK
999 _c8785
_d8783